L'education pour la comprehension internationale en tant que partie intégrante de programmes scolaires. (Record no. 46060)
[ view plain ]
| 000 -LEADER | |
|---|---|
| campo de control de longitud fija | 00661nam a2200181 i 4500 |
| 001 - NÚMERO DE CONTROL | |
| campo de control | 46060 |
| 003 - IDENTIFICADOR DE NÚMERO DE CONTROL | |
| campo de control | ES-MaACL |
| 005 - FECHA Y HORA DE LA ÚLTIMA TRANSACCIÓN | |
| campo de control | 20250828083959.0 |
| 007 - CAMPO FIJO DE DESCRIPCIÓN FÍSICA--INFORMACIÓN GENERAL | |
| campo de control de longitud fija | t| |
| 008 - DATOS DE LONGITUD FIJA--INFORMACIÓN GENERAL | |
| campo de control de longitud fija | 030327s1968 sz ||||1| fre d |
| 111 2# - ENTRADA PRINCIPAL--NOMBRE DE CONGRESO/REUNIÓN | |
| Nombre de congreso/reunión o jurisdicción como elemento de entrada | Conférence Internationale de l'Instruction Publique ( |
| Número del congreso/reunión o número de parte o sección | 31ª. |
| Fecha del congreso o de la firma del tratado | 1968. |
| Sede del congreso/Lugar de la reunión | Ginebra) |
| 9 (RLIN) | 169 |
| 245 10 - MENCIÓN DEL TÍTULO | |
| Título | L'education pour la comprehension internationale en tant que partie intégrante de programmes scolaires. |
| 260 ## - PUBLICACIÓN, DISTRIBUCIÓN, ETC. | |
| Lugar de publicación, distribución, etc. | Genève, ect. : |
| Nombre del editor, distribuidor, etc. | Bureau International d'Education, |
| Fecha de publicación, distribución, etc. | 1968. |
| 300 ## - DESCRIPCIÓN FÍSICA | |
| Extensión | LIV, 258 p. ; |
| Dimensiones | 24 cm. |
| 710 20 - ENTRADA AGREGADA--NOMBRE DE ENTIDAD CORPORATIVA | |
| Nombre de entidad corporativa o nombre de jurisdicción como elemento de entrada | Oficina Internacional de Educación |
| 9 (RLIN) | 6022 |
| 852 ## - LOCALIZACIÓN | |
| Ubicación | ES-MaACL |
| Número de control de estantería | C-46689 |
| Sublocalización o colección | R.67661 |
| Estatus retirado | Estado de pérdida | Estado de daño | No para préstamo | Biblioteca de origen | Biblioteca actual | Ubicación en estantería | Fecha de adquisición | Fuente de adquisición | Total de préstamos | Signatura topográfica completa | Código de barras | Visto por última vez | Precio de reemplazo | Tipo de ítem Koha |
|---|---|---|---|---|---|---|---|---|---|---|---|---|---|---|
| Biblioteca del Ateneo de Madrid | Biblioteca del Ateneo de Madrid | Depósito 2 | 17/01/2008 | C-46689 | 1048456 | 23/02/2023 | 23/02/2023 | Libro impreso |
